| 000 | 00421 a2200169 4500 | ||
|---|---|---|---|
| 005 | 20250527131648.0 | ||
| 008 | 250527b |||||||| |||| 00| 0 eng d | ||
| 020 |
_a9789390680627 _cRs. 925.00 |
||
| 040 | _aMAIN | ||
| 082 |
_a305.8 _bL954C |
||
| 100 | _aLowie, Robert H | ||
| 245 | _aCulture and ethnology | ||
| 260 |
_bHilltop Publications _c2023 _aJaipur |
||
| 300 | _avi, 120 | ||
| 650 | _aSociology | ||
| 942 | _cBK | ||
| 999 |
_c360982 _d360982 |
||